000 00596nmm a2200169Ia 4500
008 251105s9999||||xx |||||||||||||||||und||
020 _a9788437077673
041 _aeng
100 _aValero-Garcés, Carmen
245 0 _aDimensions of Humor :
_b Explorations in Linguistics, Literature, Cultural Studies and Translation
264 _a[Madrid, España] :
_bPublicaciones de la Universidad de Valencia (PUV),
_c2010
300 _a478 páginas
490 _aEnglish in the world series
650 _aLiterature, Theory
856 _uhttps://public.digitaliapublishing.com/a/35219
942 _cCF
999 _c82519
_d82519